| 000 | 00873nam a2200253 a 4500 | ||
|---|---|---|---|
| 008 | |||
| 020 | _a0521335744(pbk) | ||
| 049 | _aMAIN | ||
| 090 |
_aHD9768.D44 _bPUB |
||
| 245 | 1 | 0 |
_aPublic policies and the misuse of forest resources: _bA world resources Institute Book/ _cedited by Robert Repetto and Malcolm Gillis. |
| 260 |
_aCambridge. : _bCambridge university Press, _c1988. |
||
| 300 |
_axiii, 432 p. _bill. ; _c25cm. |
||
| 440 | _aA World Resources Institute Book. | ||
| 504 | _aIncludes bibliographical references. | ||
| 500 | _aIncludes index. | ||
| 650 | _aForest policy-Developing countries-Case studies. | ||
| 700 | _aMaqlcolm Gillis. | ||
| 700 | _aRobert Repetto. | ||
| 907 |
_a.b10192931 _b18-11-15 _c20-02-06 |
||
| 003 | |||
| 005 | 20230123134154.0 | ||
| 040 | _cNUST | ||
| 942 |
_cBOOKS _kHD9768.D44 _mPUB |
||
| 999 |
_c161286 _d161286 |
||